La vuelta al mundo en 80 días /

Guardado en:
Autor Principal: Verne, Julio
Formato: Libro
Publicado: Buenos Aires : Cántaro, 1999
Series:Del Mirador / Silvina Marsimian de Agosti
Materias:
Etiquetas: Agregar Etiqueta
Sin Etiquetas, Sea el primero en etiquetar este registro!
LEADER 00612nam a22002175a 4500
001 CEM.cems006533
005 20060214000000.0
008 130507s1999##################000#0#####d
003 CEMS
020 |a 9507530357 
082 0 4 |a 843.8 
100 1 |a Verne, Julio 
245 1 0 |a La vuelta al mundo en 80 días /  |c Julio Verne 
260 |a Buenos Aires :  |b Cántaro,  |c 1999 
300 |a 271 p. 
490 0 |a Del Mirador / Silvina Marsimian de Agosti 
653 |a Ciencia ficción 
653 |a Literatura 
653 |a Novela francesa 
653 |a Novelas 
859 |a CEMS  |b BIB. CEMS - 11 de abril  |h 843.8  |i V594  |p 12794.83  |t Ej.1